यू.जी.सी.नेट/जे.आर.एफ./स्लेट / (Record no. 168258)

MARC details
000 -LEADER
fixed length control field 00803nam a22001817a 4500
005 - DATE AND TIME OF LATEST TRANSACTION
control field 20191001152055.0
010 ## - LCCN (DPL NO)
LC control number B-178444
020 ## - INTERNATIONAL STANDARD BOOK NUMBER
Terms of availability 240.00
035 ## - SYSTEM CONTROL NUMBER
System control number B-178444
100 ## - MAIN ENTRY--PERSONAL NAME
Personal name दुष्यन्त
245 ## - TITLE STATEMENT
Title यू.जी.सी.नेट/जे.आर.एफ./स्लेट /
Statement of responsibility, etc दुष्यन्त (एवं) सुमि सिंह
260 ## - PUBLICATION, DISTRIBUTION, ETC. (IMPRINT)
Place of publication, distribution, etc सोनीपत
Name of publisher, distributor, etc शिक्षा प्रकाशन
Date of publication, distribution, etc 2005-06
270 ## - ADDRESS
Address 102, आदर्श नगर, नजदीक एच.बी.सी. सैक्टर-14
City सोनीपत
Postal code 131001
300 ## - PHYSICAL DESCRIPTION
Extent vii,310पृ.
Dimensions 24सेमी(साजिल्द)
700 ## - ADDED ENTRY--PERSONAL NAME
Personal name सुमि सिंह
942 ## - ADDED ENTRY ELEMENTS (KOHA)
Source of classification or shelving scheme Dewey Decimal Classification
Item type Hindi Books
Edition 2005-06
Classification part 954
Call number prefix दुष्यन्त
Holdings
Withdrawn status Lost status Not for loan Collection code Home library Current library Date acquired Cost, normal purchase price Full call number Barcode Copy number Cost, replacement price Koha item type
      Non-fiction Central Library Central Library 01/10/2019 240.00 954 B-178444 1 240.00 Hindi Books

© Delhi Public Library
Hit Counter
free hit counter